Gus Van Sant : l'indipendente che piace a Hollywood /

Kaydedildi:
Detaylı Bibliyografya
Yazar: Termenini, Antonio (Yazar)
Materyal Türü: Kitap
Dil:İtalyanca
Baskı/Yayın Bilgisi: Pisa : ETS, stampa 2004
Seri Bilgileri:Galleria ; 3
Konular:
Etiketler: Etiketle
Etiket eklenmemiş, İlk siz ekleyin!

MARC

LEADER 00000nam a2200000 i 4500
001 IT\ICCU\URB\0449235
003 ItRI
005 20260115231916.0
008 040428s2004 it |||||| ||||| |||||c
015 |2 IT  |a 2004-6595 
020 |a 884670908X 
040 |b ita  |c importazione bologna sebina 
041 7 |a ita  |2 ISO-639-2 
082 |a 791.430233092  |9 CINEMA. Direzione. Persone  |2 21 
100 1 |a Termenini, Antonio  |0 IT\ICCU\URBV\220050  |4 aut 
245 1 0 |a Gus Van Sant :  |b l'indipendente che piace a Hollywood /  |c Antonio Termenini. 
260 |a Pisa :  |b ETS,  |c stampa 2004 
300 |a 163 p., °8! c. di tav. :  |b ill. ;  |c 21 cm 
650 7 |a Van Sant, Gus 
830 0 |a Galleria ;  |v 3  |0 IT\ICCU\CFI\0572554 
942 |2 ddc  |c BK  |n 0 
952 |0 0  |1 0  |4 0  |6 DOC_791_430000000000000_TER  |7 0  |9 16109  |a BO  |b BO  |d 2026-01-15  |i 13002  |l 0  |o DOC 791.430 TER  |p BO13002  |r 2026-01-15 23:19:16  |w 2026-01-15  |x [Sebina 5] [1 v.]  |y BK  |z 1 v. 
999 |c 13848  |d 13848